| Tag |
First Indicator |
Second Indicator |
Subfields |
| LEADER |
00000cam a2200000 4500 |
| 001 |
in00000027444 |
| 005 |
20151007061341.0 |
| 008 |
720418s1954 enkaf b 00000 eng u |
| 010 |
|
|
|a 55001223
|
| 035 |
|
|
|a (OCoLC)00287684
|
| 035 |
|
|
|9 AAD1853AM
|
| 040 |
|
|
|c AKR
|d TXA
|d UtOrBLW
|
| 049 |
|
|
|a TXAM
|c [247427]
|
| 050 |
|
0 |
|a ND3132.C3
|b D6
|
| 092 |
|
|
|a 741.64
|b D648c
|
| 100 |
1 |
|
|a Dodwell, C. R.
|q (Charles Reginald)
|
| 245 |
1 |
4 |
|a The Canterbury school of illumination, 1066-1200.
|
| 264 |
|
1 |
|a Cambridge [England] :
|b University Press,
|c 1954.
|
| 300 |
|
|
|a xv, 139 pages :
|b illustrations, 73 plates. ;
|c 32 cm.
|
| 336 |
|
|
|a text
|b txt
|2 rdacontent
|
| 337 |
|
|
|a unmediated
|b n
|2 rdamedia
|
| 338 |
|
|
|a volume
|b nc
|2 rdacarrier
|
| 500 |
|
|
|a "Substantially the same as the dissertation submitted ... for a Ph.D. degree at Cambridge in August 1950."
|
| 504 |
|
|
|a "A hand-list of manuscripts illuminated at Canterbury between 1050 and 1200": pages 120-123.
|
| 504 |
|
|
|a Bibliography: pages 125-129.
|
| 650 |
|
0 |
|a Illumination of books and manuscripts
|z England
|z Canterbury.
|
| 650 |
|
0 |
|a Illumination of books and manuscripts
|v Specimens.
|
| 999 |
|
|
|a MARS
|
| 999 |
f |
f |
|s a63bf423-f360-30a9-abf5-495e84b26056
|i f6d86d64-f402-33b7-ab80-589cf9f9eff2
|t 0
|
| 952 |
f |
f |
|p ric
|a Texas A&M University
|b Rellis Campus
|c Joint Library Facility
|d Remote Storage
|t 0
|e ND3132.C3 D6
|h Library of Congress classification
|i unmediated -- volume
|m A14801149016
|
| 998 |
f |
f |
|a ND3132.C3 D6
|t 0
|l Remote Storage
|